000 00838cam a2200301 a 4500
001 6477893
003 ARRUPE
005 20131127154249.0
008 031201s200u uv 000 1 fre c
010 _a 2003538748
035 _a(OCoLC)ocm56358052
035 _a(OCoLC)56358052
035 _a(NNC)6477893
040 _aIUL
_cIUL
_dDLC
042 _apcc
050 0 0 _aPR9371.9S3
_bT4 2000
082 0 0 _a843/.92
_222
100 0 _aSainte-Meule.
_94285
245 1 3 _aLa termitière, ou, l'Odyssée d'un jeune migrant :
_broman /
_cSainte-Meule.
246 3 0 _aTermitière
246 3 0 _aOdyssée d'une jeune migrant
260 _a[Ouagadougou? :
_bs.n.,
_c2000
300 _a131 p. ;
_c19 cm.
500 _a"ISSN 0796-6229"--Verso of p. 131.
942 _2lcc
_cMONOGRAPH
948 1 _a20080306
_bc
_crch2
_dMPS
999 _c118805
_d118805